01109nam a22001817a 4500952011200000999001900112008004100131020001900172050001900191100003600210245010100246260005600347300001800403505043800421519004300859650001300902942001200915 00102lcc4070a08b08d2017-11-06l1oJC599.M4 L865p08 006626r2017-12-01s2017-12-01t1w2017-11-30yLB c102760d102760171130s mx ||||| |||| 00| 0 spa d a9786079076050404aJC599.M4bL865 aSarmiento, Sergio.eCoordinador10aQuinto concurso de ensayob : caminos de la libertad : memoriasc / coordinador Sergio Sarmiento3 aMéxicob : Fomento Cultural Grupo Salinasc, 2011 a242 páginas aEl hombre fundamentalista Las proezas de la libertad en el bicentenario de la Independencia y en el centenario de la Revolución Guatemala y Suiza: dos sociedades , dos conceptos de libertad Precursores de la modernidad liberal: los escolásticos salmantinos y su idea del derecho de propiedad como base de la libertad Acción humana y economía de las emociones Petróleo: ¿enemigo de las libertades económicas en Venezuela? aMaterial Complementario /d(08 006626)10aLIBERTAD 2lcccLB